000 00478nam a2200145 4500
999 _c10010
_d10010
008 180725b ||||| |||| 00| 0 eng d
022 _a2094-8042
082 _aDPer 370.105 M72 Jan-Dec 2011
100 _929570
_aLuna, Gabriel L.
245 _aHow to organize a student publication/
_cGabriel L. Luna.
260 _aPhilippines;
_bIn The Grade School, Inc.,
_cc2011.
300 _av59 n9, pages 370+:
_billustrations;
_c27cm.
650 0 _929572
_aJournalism.
942 _2ddc
_cPER